000 004270000a22001810004500
003 MACL
005 20151004151306.0
008 151004b xxu||||| |||| 00| 0 eng d
040 _aMACL
_cMACL
041 _aEnglish
082 _a910/DHA
100 _aDhar, Somnath
_94471
245 _aJammu And Kashmir
260 _bNatioal Book Trust
_c1982
_aNew Delhi
350 _a17
650 _aTravel
_913709
942 _cBK
_k910
_2ddc
999 _c5757
_d5757